SDĽ nevylučuje možnosť odísť z vlády i z koalície Migaš: Rozhodujúca je štátna, nie iba ...

Bibliographic Details
Main Author: Blaha, Milan, 1945-2020 (Author)
Format: Article
Language:Slovak
PhysicalDescription:Fotogr.
ISSN:1335-4698
Subjects:

MARC

LEADER 00000nab a2200000 a 4500
001 vtls000714388
003 SK-MaSNL
005 20260303122259.0
008 180206c2000 xo 0 slo
015 |a SNBRB2000/03-07647 
035 |a CLN000066555 
040 |a SNKBUCL  |b slo  |c SNKBUCL  |e AACR2 
041 0 |a slo 
044 |a xo  |c SK 
080 |a 329.14(437.6)SDĽ:061.3  |2 UDC-MRF-SK2 
100 1 |a Blaha, Milan,  |d 1945-2020  |4 aut  |9 53151 
245 1 0 |a SDĽ nevylučuje možnosť odísť z vlády i z koalície  |b Migaš: Rozhodujúca je štátna, nie iba ...  |c Milan Blaha 
300 |b Fotogr. 
610 2 7 |a Strana demokratickej ľavice. Republikový výbor  |2 snkbucl  |9 51680 
655 7 |a články z novín a časopisov  |2 snkbucl  |9 267496 
773 0 |x 1335-4698  |t Slovenská republika  |g Roč. 8, č. 38 (16.2.2000), s. x 
850 |a Slovenská národná knižnica v Martine 
852 |a SNK  |b KIS3GCP 
958 |a RBX 
999 |c 1920209  |d 1922139